<?xml version="1.0" encoding="UTF-8"?>
<collection xmlns="http://www.loc.gov/MARC21/slim">
 <record>
  <leader>01501pam a22003138a 4500</leader>
  <controlfield tag="001">00025840</controlfield>
  <controlfield tag="005">20171026081023.0</controlfield>
  <controlfield tag="008">110811s2010                  ||||||viesd</controlfield>
  <datafield tag="020" ind1=" " ind2=" ">
   <subfield code="c">27000</subfield>
  </datafield>
  <datafield tag="041" ind1="0" ind2="#">
   <subfield code="a">vie</subfield>
  </datafield>
  <datafield tag="082" ind1="1" ind2="4">
   <subfield code="a">372.21</subfield>
   <subfield code="b">TH308K</subfield>
  </datafield>
  <datafield tag="245" ind1="0" ind2="0">
   <subfield code="a">Thiết kế các hoạt động học có chủ đích, hoạt động góc và hoạt động ngoài trời trong trường mầm non</subfield>
   <subfield code="b">Trẻ 4 - 5 tuổi : Chủ đề gia đình. Chủ đề nghề nghiệp</subfield>
   <subfield code="c">Lê Thị Huệ...[và nh. ng. khác]</subfield>
  </datafield>
  <datafield tag="250" ind1="#" ind2="#">
   <subfield code="a">Tái bản lần thứ 1</subfield>
  </datafield>
  <datafield tag="260" ind1="#" ind2="#">
   <subfield code="a">H.</subfield>
   <subfield code="b">Giáo dục</subfield>
   <subfield code="c">2010</subfield>
  </datafield>
  <datafield tag="300" ind1="#" ind2="#">
   <subfield code="a">187 tr.</subfield>
   <subfield code="b">hình vẽ, bảng</subfield>
   <subfield code="c">24 cm.</subfield>
  </datafield>
  <datafield tag="504" ind1="#" ind2="#">
   <subfield code="a">Phụ lục: tr. 173-180</subfield>
  </datafield>
  <datafield tag="650" ind1="#" ind2="4">
   <subfield code="a">Giáo dục mẫu giáo</subfield>
  </datafield>
  <datafield tag="650" ind1="#" ind2="4">
   <subfield code="a">Hoạt động ngoại khóa</subfield>
  </datafield>
  <datafield tag="650" ind1="#" ind2="4">
   <subfield code="a">Sách giáo viên</subfield>
  </datafield>
  <datafield tag="650" ind1="#" ind2="4">
   <subfield code="a">Phương pháp giảng dạy</subfield>
  </datafield>
  <datafield tag="700" ind1="1" ind2="#">
   <subfield code="a">Lê Thị Huệ</subfield>
   <subfield code="e">(ch.b.)</subfield>
  </datafield>
  <datafield tag="700" ind1="1" ind2="#">
   <subfield code="a">Phạm Thị Tâm</subfield>
   <subfield code="e">(ch.b.)</subfield>
  </datafield>
  <datafield tag="852" ind1="#" ind2="#">
   <subfield code="b">Kho mượn</subfield>
   <subfield code="j">KGT.0032070, KGT.0053405, KGT.0053406</subfield>
  </datafield>
  <datafield tag="852" ind1="#" ind2="#">
   <subfield code="b">Kho đọc</subfield>
   <subfield code="j">KD.0010667</subfield>
  </datafield>
  <datafield tag="852" ind1="#" ind2="#">
   <subfield code="j">KD.0010667</subfield>
   <subfield code="j">KGT.0032070</subfield>
   <subfield code="j">KGT.0032071</subfield>
   <subfield code="j">KGT.0032072</subfield>
   <subfield code="j">KGT.0032074</subfield>
   <subfield code="j">KGT.0032075</subfield>
   <subfield code="j">KGT.0032076</subfield>
   <subfield code="j">KGT.0032078</subfield>
   <subfield code="j">KGT.0032073</subfield>
   <subfield code="j">KGT.0032077</subfield>
  </datafield>
  <datafield tag="852" ind1="#" ind2="#">
   <subfield code="j">KGT.0032070, KGT.0032071, KGT.0032072, KGT.0032073, KGT.0032074, KGT.0032075, KGT.0032076, KGT.0032077, KGT.0032078</subfield>
   <subfield code="b">Kho giáo trình</subfield>
  </datafield>
  <datafield tag="910" ind1=" " ind2=" ">
   <subfield code="d">11/08/2011</subfield>
  </datafield>
  <datafield tag="980" ind1="#" ind2="#">
   <subfield code="a">Trung tâm Học liệu Lê Vũ Hùng, Trường Đại học Đồng Tháp</subfield>
  </datafield>
 </record>
</collection>
